000 00461nam a2200157 4500
001 116572
003 ES-MaACL
005 20230906190729.0
007 t|
008 061121s1914 ag r ||||1| spa d
100 1 _aOtero, Francisco.
_987885
245 1 0 _aGeneración
_b: origen y reproducción de los seres vivientes /
_cpor Francisco Otero.
260 _aBuenos Aires :
_bCabaut y Cie,
_c1914.
300 _a195 p. ;
_c20 cm.
852 _aES-MaACL
_jB-13444
999 _c116572
_d116572